The collected tales of A. E. Coppard / (Record no. 3660)
[ view plain ]
| 000 -CABECERA | |
|---|---|
| campo de control de longitud fija | 00665cam a2200205 a 4500 |
| 001 - NÚMERO DE CONTROL | |
| campo de control | 000003838 |
| 005 - FECHA Y HORA DE LA ÚLTIMA TRANSACCIÓN | |
| campo de control | 20200929150605.0 |
| 008 - DATOS DE LONGITUD FIJA--INFORMACIÓN GENERAL | |
| campo de control de longitud fija | 740212s1951 nyu 000 1 eng |
| 040 ## - FUENTE DE LA CATALOGACIÓN | |
| Centro catalogador/agencia de origen | DO-SdBNP |
| Lengua de catalogación | spa |
| Centro/agencia transcriptor | BNPHU |
| 082 ## - NÚMERO DE LA CLASIFICACIÓN DECIMAL DEWEY | |
| Número de clasificación | 823.914 |
| Número de documento/Ítem | C785c |
| 049 ## - FONDOS LOCALES (OCLC) | |
| Fondos de biblioteca | En proceso |
| 100 1# - ENTRADA PRINCIPAL--NOMBRE DE PERSONA | |
| Nombre de persona | Coppard, A. E. |
| Forma completa/desarrollada del nombre | (Alfred Edgar), |
| Fechas asociadas al nombre | 1878-1957. |
| 9 (RLIN) | 11611 |
| 245 14 - MENCIÓN DE TÍTULO | |
| Título | The collected tales of A. E. Coppard / |
| Mención de responsabilidad, etc. | editor Alfred A Knopf. |
| 260 ## - PUBLICACIÓN, DISTRIBUCIÓN, ETC. | |
| Lugar de publicación, distribución, etc. | New York : |
| Nombre del editor, distribuidor, etc. | Alfred A Knopf, |
| Fecha de publicación, distribución, etc. | 1951. |
| 300 ## - DESCRIPCIÓN FÍSICA | |
| Extensión | viii, 532 p. ; |
| Dimensiones | 22 cm. |
| 650 #4 - PUNTO DE ACCESO ADICIONAL DE MATERIA--TÉRMINO DE MATERIA | |
| Término de materia o nombre geográfico como elemento de entrada | Cuentos ingleses |
| 9 (RLIN) | 497 |
| 650 #4 - PUNTO DE ACCESO ADICIONAL DE MATERIA--TÉRMINO DE MATERIA | |
| Término de materia o nombre geográfico como elemento de entrada | Cuentos ingleses |
| Subdivisión general | Colecciones |
| 9 (RLIN) | 11612 |
| 650 #4 - PUNTO DE ACCESO ADICIONAL DE MATERIA--TÉRMINO DE MATERIA | |
| Término de materia o nombre geográfico como elemento de entrada | Literatura inglesa |
| 9 (RLIN) | 498 |
| 700 1# - PUNTO DE ACCESO ADICIONAL--NOMBRE DE PERSONA | |
| Nombre de persona | Knopf, Alfred A., |
| Término indicativo de función/relación | ed. |
| 9 (RLIN) | 11613 |
| Estado de retiro | Estado de pérdida | Restricciones de uso | No para préstamo | Código de colección | Localización permanente | Ubicación/localización actual | Ubicación en estantería | Fecha de adquisición | Número de inventario | Total de préstamos | Signatura topográfica completa | Código de barras | Fecha visto por última vez | Precio válido a partir de | Tipo de ítem Koha |
|---|---|---|---|---|---|---|---|---|---|---|---|---|---|---|---|
| Préstamo interno | Monografías: Libros y Folletos | General | General | En catalogación | 13.07.2009 | LF1 | 823.914 C785c | 3838-10 | 25.06.2020 | 25.06.2020 | Préstamo interno |
